Skip to main content
Your cart is empty.
Your lists
Log in to create your own lists
Your cookies
العربية
English
العربية
Home
Search
Advanced search
Authority search
About
The noble scholar, jurist, historian
His Excellency Dr. Abdul Wahhab bin Ibrahim Abu Sulaiman, may Allah have mercy on him.
He was born in Umm Al-Qura in the year 1356 AH.
Library catalog
Title
Author
Subject
ISBN
ISSN
Series
Call number
Log in to your account
×
Login:
Password:
Home
MARC view: نصائح العباد في بيان ألفاظ المنبهات على الاستعداد ليوم المعاد /
Normal view
MARC view
ISBD view
نصائح العباد في بيان ألفاظ المنبهات على الاستعداد ليوم المعاد / (Record no. 14648)
[
view plain
]
MARC details
000 -LEADER
fixed length control field
01158cam a22002411i 4500
003 - CONTROL NUMBER IDENTIFIER
control field
OSt
005 - DATE AND TIME OF LATEST TRANSACTION
control field
20260316141426.0
008 - FIXED-LENGTH DATA ELEMENTS--GENERAL INFORMATION
fixed length control field
260212s1905____su g 000 0 ara c
040 ## - CATALOGING SOURCE
Original cataloging agency
SA-MaUQU
Language of cataloging
ara
Transcribing agency
SA-RiAUC
Description conventions
rda
082 04 - DEWEY DECIMAL CLASSIFICATION NUMBER
Classification number
213
Assigning agency
SA-RiAUC
090 ## - LOCALLY ASSIGNED LC-TYPE CALL NUMBER (OCLC); LOCAL CALL NUMBER (RLIN)
Classification number (OCLC) (R) ; Classification number, CALL (RLIN) (NR)
م ن 213
Local cutter number (OCLC) ; Book number/undivided call number, CALL (RLIN)
ا ب ن ح
100 1# - MAIN ENTRY--PERSONAL NAME
Personal name
نووي الجاوي، محمد بن عمر بن عربي،
Dates associated with a name
1230-1316 هجري
Relator term
مؤلف.
245 10 - TITLE STATEMENT
Title
نصائح العباد في بيان ألفاظ المنبهات على الاستعداد ليوم المعاد /
Statement of responsibility, etc.
محمد بن عمر نووي الجاوي.
250 ## - EDITION STATEMENT
Edition statement
الطبعة الثانية.
264 #1 - PRODUCTION, PUBLICATION, DISTRIBUTION, MANUFACTURE, AND COPYRIGHT NOTICE
Place of production, publication, distribution, manufacture
[مكان النشر غير محدد] :
Name of producer, publisher, distributor, manufacturer
[الناشر غير محدد]،
Date of production, publication, distribution, manufacture, or copyright notice
1905
264 #2 - PRODUCTION, PUBLICATION, DISTRIBUTION, MANUFACTURE, AND COPYRIGHT NOTICE
Place of production, publication, distribution, manufacture
مكة المكرمة :
Name of producer, publisher, distributor, manufacturer
المطبعة الميرية الكائنة بمكة المحمية
300 ## - PHYSICAL DESCRIPTION
Extent
79 صفحة ؛
Dimensions
29 سم
650 #7 - SUBJECT ADDED ENTRY--TOPICAL TERM
Topical term or geographic name entry element
يوم القيامة
Source of heading or term
aucsh
650 #7 - SUBJECT ADDED ENTRY--TOPICAL TERM
Topical term or geographic name entry element
الوعظ والإرشاد
Source of heading or term
aucsh
700 12 - ADDED ENTRY--PERSONAL NAME
Relationship information
شرح لـ (عمل) :
Personal name
ابن حجر العسقلاني، أحمد بن علي بن محمد،
Dates associated with a name
773-852 هجري
942 ## - ADDED ENTRY ELEMENTS (KOHA)
Source of classification or shelving scheme
Dewey Decimal Classification
Koha item type
كتاب مصور نادر
Suppress in OPAC
No
949 ## - LOCAL PROCESSING INFORMATION (OCLC)
a
SA-JeALM
d
260212
u
mohamedma123
n
1
Holdings
Withdrawn status
Lost status
Source of classification or shelving scheme
Damaged status
Not for loan
Home library
Current library
Date acquired
Total checkouts
Full call number
Barcode
Date last seen
Price effective from
Koha item type
Dewey Decimal Classification
DR AbdElwahab Library
DR AbdElwahab Library
03/16/2026
م ن 213 ا ب ن ح
000023160
03/16/2026
03/16/2026
كتاب مصور نادر
Place hold
Print
Add to your cart
(remove)
Save record
BIBTEX
Dublin Core
MARCXML
MARC (non-Unicode/MARC-8)
MARC (Unicode/UTF-8)
MARC (Unicode/UTF-8, Standard)
MODS (XML)
RIS
ISBD
More searches
Search for this title in:
Other Libraries (WorldCat)
Other Databases (Google Scholar)
Online Stores (Bookfinder.com)
Open Library (openlibrary.org)
Exporting to Dublin Core...
×
Simple DC-RDF
OAI-DC
SRW-DC